| 000 | 01364cjm a2200325 i 4500 | ||
|---|---|---|---|
| 999 |
_c200453713 _d71925 |
||
| 001 | 1048011145 | ||
| 003 | TR-AnTOB | ||
| 005 | 20230809135907.0 | ||
| 006 | j||||gr|||| 00| | ||
| 007 | sd fu|gnn|m|ed | ||
| 008 | 180808s2017 enkmunn n eng d | ||
| 040 |
_aTR-AnTOB _beng _erda _cTR-AnTOB |
||
| 041 | _atur | ||
| 050 | 4 |
_aM2188.S8 _bA53 2017 |
|
| 090 |
_aAV M2188.S8 _bA53 2017 |
||
| 245 | 0 | 0 |
_aAnadolu Evliyaları-1 / _cSanat yönetmeni M.ihsan Özer. |
| 264 | 1 |
_aAnkara : _bT.C. Kültür ve Turizm Bakanlığı, _c2017. |
|
| 300 |
_a1 audio discs : _bCD audio, digital ; _c4 3/4 in |
||
| 336 |
_aperformed music _bprm _2rdacontent |
||
| 337 |
_aaudio _bs _2rdamedia |
||
| 338 |
_aaudio disc _bsd _2rdacarrier |
||
| 340 | _b4 3/4 in | ||
| 344 |
_adigital _boptical _c1.4 m/s _2rda |
||
| 347 |
_aaudio file _bCD audio _2rda |
||
| 505 | 0 | 0 |
_tDisc 1. _tTanbur Taksimi _tHicaz Hümayun İlahi _tBeyati Ayin-i Şerif _tHicaz İlahi _tHicaz İlahi _tRebab Taksimi _tAcem İlahi _tBeyati İlahi _tAcem Kürdi Nefes _tIsfahan İlahi _tNey Taksimi _tHüseyni İlahi _tHüseyni İlahi _tUşşak İlahi _tKanun Taksimi _tRast İlahi _tRast İlahi _tRast İlahi _tPençgah İlahi _tKemençe Taksimi _tSegah İlahi _tHüzzam İlahi _tHüzzam İlahi |
| 650 | 7 |
_aTasavvuf müziği _9121888 _2etuturkob |
|
| 700 | 1 |
_aÖzer, İhsan _9142615 |
|
| 942 |
_2lcc _cMU |
||